000 00282nam a22000977a 4500
008 240516b ||||| |||| 00| 0 eng d
100 _aTrepel, Scott
245 _aThe City Despatch Post 1842-1852 Issues
260 _bRobert A. Siegel Auction Galleries Inc
650 _aCity Despatch Post
999 _c3595
_d3595